| 000 | 00414cam a22001337a 4500 | ||
|---|---|---|---|
| 008 | 180718b1968 xxu||||| |||| 00| 0 eng d | ||
| 020 | _a701114436 | ||
| 082 | _aB7x42 M119 | ||
| 100 | _aMackintosh, J.P. | ||
| 245 |
_aDevolution of power: local democracy, regionalism and nationalism _cby J.P. Mackintosh |
||
| 260 |
_aLondon _bChatto & Windus _c1968 |
||
| 300 | _a208p | ||
| 650 | _aLocal government - Great Britain. | ||
| 999 |
_c408804 _d408804 |
||